000 00381pab a2200145 454500
008 180718b2003 xxu||||| |||| 00| 0 eng d
100 _aJoshi, Ravikant
245 _aMunicipal debt management: innovations by Vadodara Municipal Corporation
260 _c2003
300 _ap.23-38.
362 _aJan-Jun
650 _aLocal government
773 _aUrban India
909 _a59295
999 _c59295
_d59295